| 000 | 00787nam a2200241Ia 4500 | ||
|---|---|---|---|
| 020 | _a9251058016 | ||
| 020 | _a9789251058015 | ||
| 040 | _cOSU | ||
| 082 | _a639 FOO 2007 A051 Or. | ||
| 245 | 0 | 0 |
_aCage aquaculture : _bregional reviews and global overview / |
| 260 |
_aRome, Italy : _bFood and Agriculture Organization of the United Nations, _cc2007 |
||
| 300 |
_axi, 241 p. : _bcol. ill., col. maps ; _c30 cm |
||
| 500 | _aAlso available via the Internet | ||
| 650 | 0 | _aAquaculture | |
| 650 | 0 | _aAquaculture | |
| 650 | 0 | _aCage aquaculture | |
| 700 | 1 | _aHalwart, Matthias | |
| 700 | 1 | _aSoto, Doris | |
| 700 | 1 | _aArthur, J. R. | |
| 710 | 2 | _aFood and Agriculture Organization of the United Nations | |
| 856 | 1 | 0 | _uftp://ftp.fao.org/docrep/fao/010/a1290e/a1290e.zip |
| 942 | _cEK | ||
| 999 |
_c14487 _d14487 |
||